书目信息 |
| 题名: |
心理健康名医导航
|
|
| 作者: | 洪昭光, 主编 | |
| 分册: | ||
| 出版信息: | 北京 新华出版社 2007.05 |
|
| 页数: | 239页 | |
| 开本: | 23cm | |
| 丛书名: | ||
| 单 册: | ||
| 中图分类: | R395.6 | |
| 科图分类: | ||
| 主题词: | 心理卫生--xin li wei sheng--基本知识 | |
| 电子资源: | ||
| ISBN: | 978-7-5011-7803-2 | |
| 000 | 00787nam0 2200229 450 | |
| 001 | 012007347791 | |
| 005 | 20071029161552.59 | |
| 010 | @a978-7-5011-7803-2@dCNY28.00 | |
| 100 | @a20070901d2007 km y0chiy0120 ea | |
| 101 | 0 | @achi |
| 102 | @aCN@b110000 | |
| 105 | @ay z 000yy | |
| 200 | 1 | @a心理健康名医导航@Axin li jian kang ming yi dao hang@f洪昭光主编@Fhong zhao guang zhu bian |
| 210 | @a北京@c新华出版社@d2007.05 | |
| 215 | @a239页@d23cm | |
| 300 | @a《中老年保健》杂志隆重推荐 | |
| 330 | @a本书分为七篇,内容包括心海导航、心灵盾牌、自我调适、老年心理、远离精神病院、婚姻与健康以及心理医生答疑。 | |
| 606 | 0 | @a心理卫生@Axin li wei sheng@x基本知识 |
| 690 | @aR395.6@v4 | |
| 701 | 0 | @a洪昭光,@Ahong zhao guang@f1939- @4主编 |
| 801 | 0 | @aCN@c20071029 |
| 905 | @dR395.6@eH415 | |
| 心理健康名医导航/洪昭光主编.-北京:新华出版社,2007.05 |
| 239页;23cm |
| 《中老年保健》杂志隆重推荐 |
| ISBN 978-7-5011-7803-2:CNY28.00 |
| 本书分为七篇,内容包括心海导航、心灵盾牌、自我调适、老年心理、远离精神病院、婚姻与健康以及心理医生答疑。 |
| ● |
| 相关链接 |
|
|
|
正题名:心理健康名医导航
索取号:R395.6/H415
 
预约/预借
| 序号 | 登录号 | 条形码 | 馆藏地/架位号 | 状态 | 备注 |
| 1 | 262558 | 202625588 | 自科库401/401自科库 15排3列3层/ [索取号:R395.6/H415] | 在馆 | |
| 2 | 262559 | 202625597 | 自科库401/401自科库 15排3列3层/ [索取号:R395.6/H415] | 在馆 | |
| 3 | 262560 | 202625604 | 自科库401/401自科库 15排3列3层/ [索取号:R395.6/H415] | 在馆 |